00230 a2200109 4500001000700000020000600007040001100013100002800024240003200052245002700084362000900111177486 a  cMagnum aPinto,frances Rodrigues10aA rebeliao dos macacoslpor10aA rebeliao dos macacos0 a1899